Sports Quiz

Random Sports or Soccer Quiz

Football Common Word Slideshow Quiz Stats

 Plays Quiz not verified by Sporcle

Score 0/40 Timer 10:00
0 Plays Today
% Correct
David Villa/Aston Villa
97.4%
Antonio Valencia/Valencia CF
93.5%
Milan Baroš/AC Milan
91.6%
Flavio Roma/AS Roma
89.7%
Park Ji-sung/Queens Park Rangers
87.1%
Bobby Charlton/Charlton Athletic
85.2%
Taribo West/West Brom
79.4%
Alan Sunderland/Sunderland AFC
78.1%
Rubén de la Red/New York Red Bulls
78.1%
Everton Ribeiro/Everton
77.4%
John Aston Jr/Aston Villa
76.1%
Jeremain Lens/RC Lens
74.2%
Jason Scotland/Scotland
73.5%
Paris Saint Germain/Saint Lucia
73.5%
Lee Camp/Camp Nou
72.9%
Santiago Solari/Santiago Bernabéu Stadium
71%
City Ground/New York City FC
68.4%
New England Revolution/New Zealand
68.4%
Ledley King/King Power Stadium
67.7%
Bruce Arena/Allianz Arena
67.7%
% Correct
Ross Barkley/Ross County
64.5%
Teddy Sheringham/Teddy Stadium
63.9%
Esteban Vigo/Celta de Vigo
61.3%
Giovani dos Santos/Santos FC
60.6%
Vicente del Bosque/Vicente Calderón Stadium
60%
Étienne Capoue/Saint-Étienne
57.4%
Paulo Wanchope/São Paulo FC
56.8%
Stewart Houston/Houston Dynamo
49%
Clarke Carlisle/Carlisle United
47.7%
Deon Burton/Burton Albion
47.1%
Stanley Matthews/Accrington Stanley
45.2%
José Antonio Reyes/San Jose Earthquakes
44.5%
Orlando Engelaar/Orlando City SC
40%
Sam Johnstone/St. Johnstone
34.8%
Stuart Dallas/FC Dallas
32.9%
South Korea/Queen of the South
32.3%
Luton Shelton/Luton Town
31%
Paul Lake/Real Salt Lake
30.3%
James Chester/Chester City
18.7%
Roger East/East Fife
11.6%

You're not logged in!

Compare scores with friends on all Sporcle quizzes.
OR
Log In

Show Comments

Extras

Top Quizzes Today


Score Distribution

Your Account Isn't Verified!

In order to create a playlist on Sporcle, you need to verify the email address you used during registration. Go to your Sporcle Settings to finish the process.

Report this User

Report this user for behavior that violates our Community Guidelines.

Details: